PAŃSTWA STREFY SCHENGEN - Statystyki

Ogólne statystyki
  • Ten quiz został rozwiązany 54 razy
  • Średni wynik to 28 z 29
Odpowiedzi na mapie
Odpowiedzi zakodowano w zielono-czerwonej skali na mapie do tego quizu, zgodnie z poniższymi procentami.
 
Statystyki odpowiedzi
Państwo % Poprawnych
Belgia
100%
Chorwacja
100%
Czechy
100%
Dania
100%
Estonia
100%
Finlandia
100%
Francja
100%
Grecja
100%
Hiszpania
100%
Holandia
100%
Litwa
100%
Łotwa
100%
Niemcy
100%
Polska
100%
Portugalia
100%
Słowacja
100%
Słowenia
100%
Szwecja
100%
Włochy
100%
Austria
97%
Luksemburg
97%
Rumunia
97%
Bułgaria
94%
Malta
94%
Szwajcaria
94%
Węgry
94%
Islandia
92%
Norwegia
92%
Liechtenstein
83%
Nie znaleziono quizów pasujących do podanych kryteriów
Rozkład punktacji
Procent ludzi z każdym wynikiem
Percentyl według liczby udzielonych odpowiedzi
Twoja historia wyników
Nie rozwiązałeś tego quizu